Southville International School and Colleges
Your cart is empty.
  • Cart
  • Lists
    Public lists Eva Luna New books Lux_list list_1
    Your lists Log in to create your own lists
  • Log in to your account
  • Your cookies
  • Search history
Southville International School and Colleges
  • Advanced search
  • Recent comments
  • Most popular
  • Libraries

Log in to your account

Log in with GOOGLE


If you do not have an external account, but do have a local account, you can still log in:

  1. Home
  2. MARC view: The enduring revolution :
Normal view MARC view ISBD view

The enduring revolution : (Record no. 305447)

[ view plain ]
MARC details
000 -LEADER
fixed length control field 00915nam a2200289Ia 4500
008 - FIXED-LENGTH DATA ELEMENTS--GENERAL INFORMATION
fixed length control field 170203s9999 xx 000 0 und d
020 ## - INTERNATIONAL STANDARD BOOK NUMBER
International Standard Book Number 9781400054664
050 ## - LIBRARY OF CONGRESS CALL NUMBER
Classification number 320.973
050 ## - LIBRARY OF CONGRESS CALL NUMBER
Item number .G239e 2005
100 ## - MAIN ENTRY--PERSONAL NAME
Personal name Garrett, Major.
245 #4 - TITLE STATEMENT
Title The enduring revolution :
245 ## - TITLE STATEMENT
Remainder of title how the contract with America continues to shape the nation /
245 ## - TITLE STATEMENT
Statement of responsibility, etc Major Garrett.
250 ## - EDITION STATEMENT
Edition statement !st edition.
260 ## - PUBLICATION, DISTRIBUTION, ETC. (IMPRINT)
Place of publication, distribution, etc New York :
260 ## - PUBLICATION, DISTRIBUTION, ETC. (IMPRINT)
Name of publisher, distributor, etc Crown Forum,
260 ## - PUBLICATION, DISTRIBUTION, ETC. (IMPRINT)
Date of publication, distribution, etc c2005.
300 ## - PHYSICAL DESCRIPTION
Extent 325 pages :
300 ## - PHYSICAL DESCRIPTION
Other physical details illustrations ;
300 ## - PHYSICAL DESCRIPTION
Dimensions 25 cm.
500 ## - GENERAL NOTE
General note Includes index.
650 ## - SUBJECT ADDED ENTRY--TOPICAL TERM
Topical term or geographic name as entry element United States. Congress (104th : 1995-1996)
650 ## - SUBJECT ADDED ENTRY--TOPICAL TERM
Topical term or geographic name as entry element United States--Economic policy--1993-2001.
650 ## - SUBJECT ADDED ENTRY--TOPICAL TERM
Topical term or geographic name as entry element United States--Economic policy--2001-2009.
650 ## - SUBJECT ADDED ENTRY--TOPICAL TERM
Topical term or geographic name as entry element United States--Politics and government--1993-2001.
650 ## - SUBJECT ADDED ENTRY--TOPICAL TERM
Topical term or geographic name as entry element United States--Politics and government--2001-2009.

No items available.

The enduring revolution :

APA

Garrett M., .The enduring revolution. New York: .

Chicago

Garrett Major, .The enduring revolution. New York: .

Harvard

Garrett M., .The enduring revolution. New York: .

MLA

Garrett Major, .New York: . .

  • Print
  • Cite
  • Add to your cart (remove)
  • Save record
    BIBTEX Dublin Core MARCXML MARC (non-Unicode/MARC-8) MARC (Unicode/UTF-8) MARC (Unicode/UTF-8, Standard) MODS (XML) RIS
  • More searches
    Search for this title in:
    Other Libraries (WorldCat) Other Databases (Google Scholar) Online Stores (Bookfinder.com) Open Library (openlibrary.org)

Exporting to Dublin Core...

SOUTHVILLE LIBRARY

Southville International School and Colleges Library

1281 Tropical Ave. Cor. Luxembourg St., BF Homes International, Las Pinas City

Tel. No. 8256374 / 252358 Loc. 117/146

Powered by Koha